|
|
|
|
| LEADER |
01891 a2200337 4500 |
| 001 |
43985 |
| 003 |
BD-DhAAL |
| 008 |
250120t2018 hk ||||| d||| 00| m fre d |
| 020 |
|
|
|a 9789492637192
|
| 040 |
|
|
|a BD-DhAAL
|
| 041 |
|
|
|a eng
|h fre
|
| 082 |
|
|
|a 443.21
|
| 245 |
|
|
|a The hound of the baskervilles = Le chien des baskerville /
|c Arthur Conan Doyle; Translation by A. de Jassard.
|
| 260 |
|
|
|a Hong Kong :
|b MostUsedWords.com,
|c ©2018.
|
| 300 |
|
|
|a 291 pages ;
|c 26 cm
|
| 500 |
|
|
|a A dual language story.
"A French to English bilingual book with French to English dictionary"--Cover.
"Authored by MostUsedWords"--Title page.
"Dictionary by MostUsedWords"--Title page.
|
| 526 |
|
|
|a BIL
|x Dr. Tanjena Sultana Khan,
Lecturer,
BRAC Institute of Languages (BIL)
Course Name : Basic French (FRN 101)
|
| 541 |
|
|
|a R.K. Corporation
|e 43985, 43986
|
| 600 |
|
|
|a Holmes, Sherlock
|v Fiction.
|9 57545
|
| 650 |
|
|
|a French language
|v Dictionaries
|x English.
|9 57502
|
| 650 |
|
|
|a French language
|v Study and teaching
|x Bilingual method.
|9 57546
|
| 650 |
|
|
|a Detective and mystery stories, English.
|
| 650 |
|
|
|a Children's stories, English.
|9 222
|
| 650 |
|
|
|a Mystery and detective stories.
|9 7059
|
| 700 |
|
|
|a Jassard, A. de.
|9 57547
|
| 710 |
|
|
|a MostUsedWords
|9 57548
|
| 852 |
|
|
|a Ayesha Abed Library
|c General Stacks
|
| 942 |
|
|
|c BK
|2 ddc
|
| 999 |
|
|
|c 47211
|d 47211
|
| 952 |
|
|
|0 0
|1 0
|2 ddc
|4 0
|6 443_210000000000000_DOY
|7 0
|9 77204
|a BIL
|b BIL
|d 2025-01-13
|e R K Corporation
|g 7900.00
|l 0
|o 443.21 DOY
|p 3010043986
|r 2025-01-13
|t 2
|v 7900.00
|w 2025-01-13
|y BK
|x Requisitioned by Dr. Tanjena Sultana Khan for the course named- "Basic French (FRN 101)".
|
| 952 |
|
|
|0 0
|1 0
|2 ddc
|4 0
|6 443_210000000000000_DOY
|7 0
|9 77205
|a BIL
|b BIL
|d 2025-01-13
|e R K Corporation
|g 7900.00
|l 0
|o 443.21 DOY
|p 3010043985
|r 2025-01-13
|t 1
|v 7900.00
|w 2025-01-13
|y BK
|x Requisitioned by Dr. Tanjena Sultana Khan for the course named- "Basic French (FRN 101)".
|